Light at the end of the tunnel? : (Record no. 86379)

MARC details
000 -LEADER
fixed length control field 00588nam a22001937a 4500
005 - DATE AND TIME OF LATEST TRANSACTION
control field 20140820115424.0
010 ## - LCCN (DPL NO)
LC control number ENG-110364
020 ## - INTERNATIONAL STANDARD BOOK NUMBER
International Standard Book Number 9789350623299
Terms of availability 795.00
035 ## - SYSTEM CONTROL NUMBER
System control number EN-93896
037 ## - SOURCE OF ACQUISITION
Source of stock number/acquisition DBAD/PUB
082 ## - DEWEY DECIMAL CLASSIFICATION NUMBER
Classification number 333.9140954
100 ## - MAIN ENTRY--PERSONAL NAME
Personal name Shahi, R. V.
245 ## - TITLE STATEMENT
Title Light at the end of the tunnel? :
Statement of responsibility, etc by R. V. Shahi
Remainder of title way forward for power sector /
260 ## - PUBLICATION, DISTRIBUTION, ETC. (IMPRINT)
Place of publication, distribution, etc New Delhi
Name of publisher, distributor, etc Excel Books
Date of publication, distribution, etc 2013
270 ## - ADDRESS
Address A-45, Naraina, Phase I
City New Delhi
Postal code 110028
300 ## - PHYSICAL DESCRIPTION
Extent xiv,575p.
Dimensions 24cm(Hb)
500 ## - GENERAL NOTE
General note Includes index
942 ## - ADDED ENTRY ELEMENTS (KOHA)
Source of classification or shelving scheme Dewey Decimal Classification
Item type English Books
Call number suffix SHA
Classification part 333.9140954
Holdings
Withdrawn status Lost status Not for loan Collection code Home library Current library Date acquired Source of acquisition Cost, normal purchase price Full call number Barcode Copy number Cost, replacement price Koha item type
    Not For Loan Non-fiction D.B.Act.Division D.B.Act.Division 03/07/2014 DBAD/PUB 795.00 333.9140954 SHA EN-93896 1 795.00 English Books

© Delhi Public Library
Hit Counter
free hit counter